[Event "EU-ch U10 26th"]
[Site "Prague"]
[Date "2016.08.18"]
[Round "1"]
[White "Krupa, Miroslav"]
[Black "Korsinskij, Nikolas"]
[Result "0-1"]
[WhiteElo "1808"]
[BlackElo "1442"]
[PlyCount "70"]
[EventDate "2016.08.18"]
[EventType "swiss"]
[EventRounds "9"]
[EventCountry "CZE"]
[SourceTitle "CBM 174 Extra"]
[Source "ChessBase"]
[SourceDate "2016.10.10"]
[SourceVersion "1"]
[SourceVersionDate "2016.10.10"]
[SourceQuality "1"]

1. e4 c5 2. Nf3 e6 3. d4 cxd4 4. Nxd4 a6 5. Be3 Qc7 6. a3 Nf6 7. Nc3 Nc6 8. Be2 Be7 9. 0-0 0-0 10. Qd2 d5 11. exd5 exd5 12. Rfe1 Bd6 13. h3 Be6 14. Bf3 Rad8 15. Bg5 Be5 16. Nxc6 bxc6 17. Qe2 Bh2+ 18. Kh1 Rfe8 19. Bxf6 gxf6 20. g3 Bxg3 21. fxg3 Bxh3 22. Qh2 Bf5 23. Qf2 Kh8 24. Bh5 Re5 25. g4 Rg8 26. Rxe5 Qxe5 27. Qxf5 Qe3 28. Qxf6+ Rg7 29. Qf1 Qg3 30. Qg2 Qb8 31. Rf1 Qxb2 32. Qd2 Qb6 33. Qf4 Qd8 34. Qh2 d4 35. Ne4 Qd5 0-1

[Event "Prague Golden rap U20 op 11th"]
[Site "Prague"]
[Date "2015.06.20"]
[Round "2"]
[White "Korsinskij, Nikolas"]
[Black "Rous, Dominik"]
[Result "0-1"]
[WhiteElo "1504"]
[BlackElo "1280"]
[PlyCount "46"]
[EventDate "2015.06.20"]
[EventType "swiss (rapid)"]
[EventRounds "7"]
[EventCountry "CZE"]
[SourceTitle "EXT 2017"]
[Source "ChessBase"]
[SourceDate "2016.10.25"]
[SourceVersion "1"]
[SourceVersionDate "2016.10.25"]
[SourceQuality "1"]

1. e4 e5 2. Nf3 Nc6 3. Bc4 Nf6 4. d3 d5 5. exd5 Nxd5 6. Qe2 f6 7. Bd2 Bg4 8. Nc3 Bxf3 9. Qxf3 Nxc3 10. Bxc3 Bb4 11. Bxb4 Nxb4 12. Qe2 Qd6 13. 0-0 0-0-0 14. Qg4+ Kb8 15. Bb3 Nd5 16. c4 Ne7 17. d4 exd4 18. Rad1 Nc6 19. Rd2 Qd7 20. Qh4 Rhe8 21. Rfd1 Qe7 22. Qg4 Qe1+ 23. Rxe1 Rxe1# 0-1

[Event "Prague Golden rap U20 op 11th"]
[Site "Prague"]
[Date "2015.06.20"]
[Round "4"]
[White "Korsinskij, Nikolas"]
[Black "Suran, Jan1111"]
[Result "0-1"]
[WhiteElo "1504"]
[BlackElo "1557"]
[PlyCount "56"]
[EventDate "2015.06.20"]
[EventType "swiss (rapid)"]
[EventRounds "7"]
[EventCountry "CZE"]
[SourceTitle "EXT 2017"]
[Source "ChessBase"]
[SourceDate "2016.10.25"]
[SourceVersion "1"]
[SourceVersionDate "2016.10.25"]
[SourceQuality "1"]

1. e4 e5 2. Nf3 Nc6 3. Bc4 Nf6 4. d3 Be7 5. Nc3 d6 6. Bg5 Bg4 7. h3 Bh5 8. g4 Bg6 9. Qd2 h6 10. Bh4 Na5 11. Bxf6 Nxc4 12. dxc4 Bxf6 13. Rg1 Qd7 14. 0-0-0 0-0-0 15. Qe2 c6 16. c5 Qe6 17. Rd2 dxc5 18. Rgd1 Rxd2 19. Rxd2 Rd8 20. h4 Qxg4 21. Rxd8+ Kxd8 22. Qd2+ Kc7 23. Qe3 b6 24. a3 Bxh4 25. Nxe5 Qg1+ 26. Nd1 Bg5 27. f4 Qxe3+ 28. Nxe3 Bxf4 0-1